Mis camaradas y yo. Libro de primeras lecturas (Primera Parte).
Gespeichert in:
| 1. Verfasser: | |
|---|---|
| Format: | keine Angabe |
| Sprache: | Spanisch |
| Erschienen: |
Zaragoza
Progreso
1955
|
| Katalog: | MANES: Suchergebnis im Bibliothekskatalog |
| Schulbuchspezifische Eigenschaften: |
|
| Tags: |
Tag hinzufügen
Keine Tags, Fügen Sie den ersten Tag hinzu!
|
| Hinzugefügt zu: | 26.04.2016 |
| Geändert in: | 07.05.2025 |
MARC
| LEADER | 000000000a22000000004500 | ||
|---|---|---|---|
| 001 | 07192 | ||
| 003 | OSt | ||
| 005 | 20250507133313.0 | ||
| 008 | 160427s sp ||||| |||| 00| 0 spa d | ||
| 040 | |c centro_manes | ||
| 041 | 1 | |a spa | |
| 561 | |5 es-CICE |a España. Centro Internacional de la Cultura Escolar |k MANES | ||
| 691 | 0 | |a PRI | |
| 100 | 1 | |a EGM. Autor |9 3452 | |
| 245 | 0 | 0 | |a Mis camaradas y yo. Libro de primeras lecturas (Primera Parte). |
| 260 | 3 | |a Zaragoza |b Progreso |c 1955 | |
| 300 | |a 158 p. |c 17 x 12 cm | ||
| 500 | |a Editado en Cartoné. Aprobado por el M.E.N. (B.O.E. 3 de Abril 1956). Especie de diario de un niño en el que cuenta el día a día con sus amigos en la escuela, en casa, en sus juegos, etc... | ||
| 690 | 0 | |a EyL | |
| 942 | |2 ddc |c BK | ||
| 546 | |a España | ||
| 999 | |c 13166 |d 13166 | ||
| 999 | |c manes:13166 |d 13166 | ||